Movies Quiz

Random Movies or Disney Quiz

Disney Movie Quotes III Quiz Stats

 Plays Quiz Updated Oct 8, 2015

Challenge
Share
Tweet
Embed
Score 0/24 Timer 06:00
6 Plays Today
% Correct
Aladdin
95.4%
Lady and the Tramp
93.5%
Cinderella
92.4%
The Emperor's New Groove
87.6%
The Aristocats
85%
The Jungle Book
77.6%
Pocahontas
74.8%
Atlantis: The Lost Empire
74.7%
Tarzan
73.6%
Robin Hood
71.6%
One Hundred and One Dalmatians
71.3%
Beauty and the Beast
69.6%
% Correct
The Lion King
68.9%
Lilo and Stitch
68.4%
Tangled
65.3%
Bambi
59.5%
The Little Mermaid
57.7%
Dumbo
56.1%
Oliver and Company
53.9%
Mulan
51.9%
Alice in Wonderland
49%
Sleeping Beauty
34.9%
Peter Pan
34.9%
The Fox and the Hound
27.8%

You're not logged in!

Compare scores with friends on all Sporcle quizzes.
Join for Free
OR
Log In

You Might Also Like...

Show Comments

Extras

Top Quizzes Today


Score Distribution

Your Account Isn't Verified!

In order to create a playlist on Sporcle, you need to verify the email address you used during registration. Go to your Sporcle Settings to finish the process.

Report this User

Report this user for behavior that violates our Community Guidelines.

Details: